000 00916nam a22002177a 4500
999 _c11982
_d11982
003 AR-CdUCM
008 190405b ||||| |||| 00| 0 spa d
040 _aMUNICIPALIDAD PROVINCIAL DEL CUSCO
_cBIBLIOTECA MUNICIPAL DEL CUSCO
082 _a708.85 /
_bC36 / 1951
110 _aInstituto de investigaciones de arte Peruano y Americano
_929620
245 _aCatedral de Puno /
260 _aLima :
_bPublicaciones del instituto de investigaciones e arte Peruano y americano,
_c1951.
300 _a29 paginas ;
_bIlustraciones,
_c21 cm.
440 _aDocumentos de arte Peruano
_nXIV
_929621
505 _aContenido :Ubicación geográfica e historial de Puno -- Situación estilo artístico -- Sus imafrontes, las torres -- Ornamentación en el Hastial...
650 _aPuno
_93897
650 _aEstilo artistico
_929622
650 _aInterior del templo
_929623
942 _2ddc
_cLIBROS
945 _awnts
_d2019-04-05